Musical Acts from Puerto Rico - Statistics

General Stats
  • This quiz has been taken 69 times
  • The average score is 8 of 30
Answer Stats
City/Town Songs Answer % Correct
Almirante Sur, Vega Baja Mia | Amorfoda Bad Bunny
88%
San Juan Con Calma | Gasolina Daddy Yankee
79%
San Juan Despacito | Échame La Culpa Luis Fonsi
70%
San Juan Livin' La Vida Loca | The Cup Of Life Ricky Martin
67%
Bayamón Pepas | Chillax Farruko
60%
San Juan Danza Kuduro | Taboo Don Omar
56%
San Juan El Farsante | Se Preparó Ozuna
54%
Carolina Ella Quiere Beber | Sola Anuel AA
51%
Bayamón Fanatica Sensual | Es Un Secreto Plan B
44%
Trujillo Alto Atrevete Te Te | Muerte En Hawaii Calle 13
32%
Salinas La Curiosidad | Otra Noche Más Jay Wheeler
30%
San Juan Si Se Da | Bandido Myke Towers
26%
? Un Verano En Nueva York | Trampolín El Gran Combo de Puerto Rico
25%
Ponce El Cantante | Juanito Alimaña Héctor Lavoe
25%
Cayey Algo Me Gusta De Ti | Aullando Wisin & Yandel
23%
San Juan Un Siglo Sin Ti | Dejaría Todo Chayanne
18%
Carolina Otra Vez | La Player (Bandolera) Zion & Lennox
18%
Carolina Baila Morena | Ay Amor Héctor & Tito
14%
San Juan Adicto | Agua Tainy
14%
San Juan Conteo Regresivo | Conciencia Gilberto Santa Rosa
9%
Ponce Anacaona | El Raton Cheo Feliciano
7%
San Juan Ahora Que Te Vas | Para Siempre Christian Daniel
5%
Ponce De Que Callada Manera | Fuego En El 23 La Sonora Ponceña
5%
San Juan Basta Ya | Mi Eterno Amor Secreto Olga Tañón
5%
San Juan Las Tumas | El Nazareno Ismael Rivera
4%
San Juan Escuchame | Rezo Carlos Ponce
2%
Mayagüez Como Te Hago Entender | Mi Desengaño Roberto Roena
2%
San Juan Inolvidable | Cuando Ya No Me Quieras Tito Rodríguez
2%
Coamo Anuncio Clasificado / Dámelo | Lluvia Willie Rosario
2%
Trujillo Alto Te Busco | Sin Ti Alex Zurdo
0%
No matching quizzes found
Score Distribution
Percent of People with Each Score
Percentile by Number Answered
Your Score History
You have not taken this quiz